000 00359cam a22001097a 4500
008 180718b1976 xxu||||| |||| 00| 0 eng d
082 _aT19x54 In2pa
245 _aPanorama of progress
_cby Ministry of Information and Broadcasting
260 _aNew Delhi
_bGovernment of India
_c1976
300 _a839+p
700 _aIndia. Ministry of Information and Broadcasting
999 _c497291
_d497291